Unravelling global apartheid : an overview of world politics

Αποθηκεύτηκε σε:
Λεπτομέρειες βιβλιογραφικής εγγραφής
Κύριος συγγραφέας: Alexander, Titus
Μορφή: Βιβλίο
Γλώσσα:English
Δημοσίευση: Cambridge : Polity Press, c1996
Θέματα:
Ετικέτες: Προσθήκη ετικέτας
Δεν υπάρχουν, Καταχωρήστε ετικέτα πρώτοι!

MARC

LEADER 00000nam a2200000 i 4500
001 1/86296
008 990712s1996 eng d
020 |a 0-7456-1353-5 
035 |l 10052044 
040 |a GR-MY-UA  |b gre  |e aacr 
041 0 |a eng 
082 0 |a 337 
100 1 |a Alexander, Titus. 
245 1 0 |a Unravelling global apartheid :  |b an overview of world politics /  |c Titus Alexander 
260 |a Cambridge :   |b Polity Press,   |c c1996 
300 |a 302 p. 
504 |a Includes bibliographical references and index 
650 0 0 |a International economic relations. 
650 0 0 |a Regional economic disparities. 
650 0 0 |a Regionalism. 
650 0 0 |a Economic lag. 
852 |a INST  |b LESVOS  |e 19990712  |h 337 ALE  |p 005100019799  |q 005100019799  |t BK  |y 0 
901 |a BIBL1-1999-2 
909 |a Λ  |b 062804 
922 |a 1ΕΛΗ  |b 199812  |c ΚΠΣ/ΤΓ  |d LEADER 
950 |a  118-1998-10-19 
970 |a ΜΟΥΣΤΑΚΑ  |b ΠΗΝΕΛΟΠΗ  |z 1999/08/05